| 000 | 00518nam a22001817a 4500 | ||
|---|---|---|---|
| 008 | 170407b xxu||||| |||| 00| | tur d | ||
| 020 | _a975081083X | ||
| 041 | _atur | ||
| 050 | _aPL234.A8327 | ||
| 100 |
_9592 _aBaki Asiltürk |
||
| 245 | _aHilesiz Terazi Şiir Yazıları | ||
| 250 | _a1. Baskı | ||
| 260 |
_aİstanbul _bYapı Kredi Yayınları _cNisan 2006 |
||
| 300 | _a277 sayfa | ||
| 500 | _aYapı Kredi Yayınları: 2332; Şiir 206 3 adet mevcuttur. | ||
| 650 | 0 |
_9145 _aTürk Edebiyatı |
|
| 942 |
_2lcc _cBK |
||
| 999 |
_c1266 _d1244 |
||